| 000 | 00398nam a2200121 4500 | ||
|---|---|---|---|
| 245 |
_aMemoirs from the house of the dead. _cby F.M.Dostoevsky and translated from the Russian by Jessie Coulson. |
||
| 100 | _aDostoevsky, F.M | ||
| 710 | _aCoulson, Jessie | ||
| 260 |
_aLondon _bOxford Unversity Press _c1965 |
||
| 300 | _axiii,361p.; 15cm | ||
| 490 | _aWorlds classics;no.597 | ||
| 082 |
_a891.733 _b DOS/Cou |
||
| 999 |
_c1073 _d1073 |
||